Two Clues: 'G' Words Quiz Stats

Quiz Updated Jan 11, 2014

Challenge
Share
Tweet
Embed
Score 0/22 Timer 03:00
0 Plays Today
Two Clues 'G' Word % Correct
Zeus or PoseidonGod
95.8%
Pituitary or ThyroidGland
95%
Casper or Nearly Headless NickGhost
94.5%
Milky Way or AndromedaGalaxy
94.2%
Covent or Madison SquareGarden
92.8%
Bubble or SugarlessGum
89.6%
Concord or Flame SeedlessGrape
84.8%
Crips or BloodsGang
84.3%
Phil Mickelson or Rory McIlroyGolfer
82.9%
Gibson or FenderGuitar
82.7%
Indira or MahatmaGandhi
82.5%
Two Clues 'G' Word % Correct
Elmer's or TackyGlue
80.9%
Patton or MacArthurGeneral
80.6%
B+ or Inc.Grade
80.2%
Reverse or FourthGear
76.3%
Bombay Sapphire or BeefeaterGin
70.7%
Kentucky Blue or Red FescueGrass
64.7%
Kelly or SlickGrace
62.8%
Chaucer or RushGeoffrey
62.2%
Magilla or Professor BoboGorilla
53.1%
Lawrence or SteinGertrude
39.7%
Argolic or PersianGulf
37.3%

You're not logged in!

Compare scores with friends on all Sporcle quizzes.
Sign Up with Email
OR
Log In

You Might Also Like...

Show Comments

Extras

Top Quizzes Today


Score Distribution

Your Account Isn't Verified!

In order to create a playlist on Sporcle, you need to verify the email address you used during registration. Go to your Sporcle Settings to finish the process.